000 00345nam a2200133Ia 4500
008 240624s9999 xx 000 0 und d
041 _aeng
082 _a332 PRI
100 _aPRIESTER CHARLES
245 _aFINANCIAL STRATEGIES FOR THE MANAGER
260 _c2010
_aLondon
_bSpringer
300 _aviii, : 216 : p. : cm. ; 24
365 _cERU
_b26
999 _c20787
_d20787